[Event "San Lorenzo m"]
[Site "?"]
[Date "1993.??.??"]
[Round "?"]
[White "Short, Nigel D"]
[Black "Timman, Jan Hein"]
[Result "1/2-1/2"]
[WhiteElo "2655"]
[BlackElo "2635"]
[PlyCount "107"]
[EventDate "1993.??.??"]
[Source "www.chesslib.no"]
[SourceDate "2004.05.04"]

1. e4 e5 2. Nf3 Nc6 3. Bb5 a6 4. Ba4 Nf6 5. O-O Nxe4 6. d4 b5 7. Bb3 d5 8. dxe5 Be6 9. Qe2 Be7 10. Rd1 O-O 11. c3 Nc5 12. Bc2 Bg4 13. b4 Na4 14. Bf4 Qd7 15. Qd3 g6 16. Qxd5 Qxd5 17. Rxd5 Nb6 18. Rd1 Rad8 19. Re1 Nd5 20. Bh6 Rfe8 21. a4 Bxf3 22. gxf3 Bf8 23. Bxf8 Kxf8 24. e6 f6 25. axb5 axb5 26. Kf1 Ne5 27. Be4 Nf4 28. Na3 c6 29. Nc2 Nxe6 30. Ra6 Rd6 31. Nd4 Nxd4 32. cxd4 Rxd4 33. Bxc6 Nxc6 34. Rxe8+ Kxe8 35. Rxc6 Ke7 36. Rc7+ Ke6 37. Rxh7 Rxb4 38. Rb7 g5 39. Rb6+ Ke5 40. f4+ gxf4 41. Kg2 Rb3 42. h3 Kf5 43. Rc6 Kg5 44. Rc5+ f5 45. Rd5 Rb2 46. Kf3 Rb3+ 47. Kg2 b4 48. Rb5 Kg6 49. Rb6+ Kh5 50. Rb8 Kh4 51. Rh8+ Kg5 52. h4+ Kg6 53. Rg8+ Kf7 54. Rg5 1/2-1/2

[Event "Monarch Assurance"]
[Site "Isle of Man"]
[Date "2007.09.26"]
[Round "5.1"]
[White "Golod, Vitali"]
[Black "Roiz, Michael"]
[Result "1/2-1/2"]
[WhiteElo "2589"]
[BlackElo "2630"]
[PlyCount "34"]
[EventDate "2007.09.22"]
[Source "www.chesslib.no"]
[SourceDate "2004.05.04"]

1. e4 e5 2. Nf3 Nc6 3. Bb5 a6 4. Ba4 Nf6 5. O-O Nxe4 6. d4 b5 7. Bb3 d5 8. dxe5 Be6 9. Qe2 Be7 10. Rd1 O-O 11. c4 bxc4 12. Bxc4 Bc5 13. Be3 Bxe3 14. Qxe3 Ne7 15. Nc3 Nxc3 16. bxc3 Qc8 17. Bd3 c5 1/2-1/2

[Event "III President's Cup"]
[Site "Baku AZE"]
[Date "2008.05.16"]
[Round "5"]
[White "Babaev, Ra"]
[Black "Sokolov, Iv NED"]
[Result "0-1"]
[WhiteElo "2482"]
[BlackElo "2690"]
[PlyCount "104"]
[EventDate "2008.05.12"]
[Source "www.chesslib.no"]
[SourceDate "2004.05.04"]

1. e4 e5 2. Nf3 Nc6 3. Bb5 a6 4. Ba4 Nf6 5. O-O Nxe4 6. d4 b5 7. Bb3 d5 8. dxe5 Be6 9. Qe2 Be7 10. Rd1 Na5 11. Nbd2 Nc5 12. Nd4 O-O 13. c3 Ncxb3 14. N2xb3 Nc4 15. Nxe6 fxe6 16. Nd4 Bc5 17. b3 Nb6 18. Qg4 Qd7 19. Qxe6+ Qxe6 20. Nxe6 Bxf2+ 21. Kf1 Bd4+ 22. Nxf8 Rxf8+ 23. Ke2 Bxc3 24. Rb1 d4 25. Bb2 Nd5 26. Rxd4 Bxd4 27. Bxd4 Nf4+ 28. Kf3 Ne6+ 29. Ke3 Rd8 30. Bb2 Kf7 31. Rf1+ Ke8 32. g4 c5 33. Rc1 a5 34. h3 Ke7 35. Bc3 b4 36. Be1 Rd5 37. Ke4 Rd4+ 38. Ke3 Kd7 39. a3 Kc6 40. axb4 axb4 41. Ra1 Nc7 42. Bg3 Kb5 43. Ra7 Kb6 44. Ra1 g5 45. Rb1 Nd5+ 46. Kf2 Nc7 47. Ke2 Kb5 48. Rc1 Nd5 49. Bf2 Nc3+ 50. Rxc3 bxc3 51. Bxd4 cxd4 52. Kd3 Kc6 0-1

[Event "Stockholm Open"]
[Site "Stockholm SWE"]
[Date "1989.??.??"]
[Round "1"]
[White "Sokolov, Andrei"]
[Black "Hellers, Ferdinand"]
[Result "1/2-1/2"]
[WhiteElo "2605"]
[BlackElo "2565"]
[PlyCount "44"]
[EventDate "1989.??.??"]
[Source "www.chesslib.no"]
[SourceDate "2004.05.04"]

1. e4 e5 2. Nf3 Nc6 3. Bb5 a6 4. Ba4 Nf6 5. O-O Nxe4 6. d4 b5 7. Bb3 d5 8. dxe5 Be6 9. Be3 Nc5 10. Qe2 Be7 11. Rd1 O-O 12. Nc3 Nxb3 13. cxb3 Qd7 14. Rac1 Rad8 15. Bg5 Bxg5 16. Nxg5 h6 17. Nf3 Rfe8 18. h3 d4 19. Ne4 Bd5 20. Nxd4 Nxd4 21. Rxd4 Rxe5 22. Qd3 Rxe4 1/2-1/2

[Event "EUCup 16th"]
[Site "Neum"]
[Date "2000.??.??"]
[Round "7"]
[White "Gdanski, Jacek"]
[Black "Sokolov, Ivan"]
[Result "1/2-1/2"]
[WhiteElo "2557"]
[BlackElo "2611"]
[PlyCount "102"]
[EventDate "2000.09.24"]
[Source "www.chesslib.no"]
[SourceDate "2004.05.04"]

1. e4 e5 2. Nf3 Nc6 3. Bb5 a6 4. Ba4 Nf6 5. O-O Nxe4 6. d4 b5 7. Bb3 d5 8. dxe5 Be6 9. Qe2 Be7 10. Rd1 O-O 11. c4 bxc4 12. Bxc4 Bc5 13. Be3 Bxe3 14. Qxe3 Qb8 15. Bb3 Na5 16. Nbd2 Qa7 17. Nxe4 Qxe3 18. fxe3 Nxb3 19. axb3 dxe4 20. Nd4 Rfb8 21. Ra3 c5 22. Nxe6 fxe6 23. Rd6 Kf7 24. Kf2 Ra7 25. Kg3 a5 26. h4 c4 27. bxc4 Rxb2 28. Rd4 a4 29. c5 Rc2 30. Raxa4 Rxa4 31. Rxa4 Rxc5 32. Rxe4 Kf8 33. Kf4 Rc2 34. g3 Rg2 35. h5 h6 36. Ra4 Kg8 37. g4 Rg1 38. Re4 Kf7 39. Ra4 Ke7 40. Kf3 Rf1+ 41. Ke2 Rg1 42. Rf4 Ke8 43. Kd3 Ke7 44. Ke4 Rg3 45. Kd4 Rg1 46. Kd3 Rd1+ 47. Ke2 Rd5 48. Re4 Ra5 49. Kf3 Ra1 50. Rb4 Rg1 51. Kf2 Ra1 1/2-1/2

[Event "Asheville"]
[Site "?"]
[Date "2005.??.??"]
[Round "?"]
[White "Ivanov, Alexa"]
[Black "Becerra Rivero, J."]
[Result "1/2-1/2"]
[WhiteElo "2590"]
[BlackElo "2535"]
[PlyCount "60"]
[EventDate "2005.??.??"]
[Source "Chess Informant"]
[SourceDate "2004.10.01"]

1. e4 e5 2. Nf3 Nc6 3. Bb5 a6 4. Ba4 Nf6 5. O-O Nxe4 6. d4 b5 7. Bb3 d5 8. dxe5 Be6 9. Qe2 Bc5 10. Be3 O-O 11. Rd1 Bxe3 12. Qxe3 Ne7 13. Nbd2 Nf5 14. Qe2 Nc5 15. c3 Nd7 16. Bc2 c5 17. Nb3 Nh4 18. Nxh4 Qxh4 19. Qe3 Rac8 20. f4 g6 21. a4 b4 22. cxb4 d4 23. Qe1 Qxf4 24. bxc5 Bxb3 25. Bxb3 Nxc5 26. Bc4 d3 27. Bxd3 Qd4+ 28. Qf2 Qxf2+ 29. Kxf2 Nxd3+ 30. Rxd3 Rc2+ 1/2-1/2

[Event "Nova Gorica op"]
[Site "?"]
[Date "2003.02.01"]
[Round "3"]
[White "Goloshchapov Alexander"]
[Black "Atalik Suat"]
[Result "1/2-1/2"]
[WhiteElo "2523"]
[BlackElo "2581"]
[PlyCount "62"]
[EventDate "2003.??.??"]
[Source "www.chesslib.no"]
[SourceDate "2004.05.04"]

1. e4 e5 2. Nf3 Nc6 3. Bb5 a6 4. Ba4 Nf6 5. O-O Nxe4 6. d4 b5 7. Bb3 d5 8. dxe5 Be6 9. Qe2 Be7 10. Rd1 O-O 11. c4 bxc4 12. Bxc4 Bc5 13. Be3 Bxe3 14. Qxe3 Qb8 15. Bb3 Na5 16. Nbd2 Qa7 17. Qxa7 Rxa7 18. Rac1 c5 19. Nxe4 Nxb3 20. axb3 dxe4 21. Nd2 e3 22. fxe3 Rb7 23. Ne4 Rxb3 24. Nxc5 Rxe3 25. Nxa6 Rxe5 26. b4 h5 27. Rc5 Rxc5 28. Nxc5 Bc4 29. Rd4 Bb5 30. Rd5 Rb8 31. Rxh5 Bc4 1/2-1/2

[Event "Lisbon op 6th"]
[Site "Lisbon"]
[Date "2000.11.23"]
[Round "6"]
[White "Palac, Mladen"]
[Black "Lalic, Bogdan"]
[Result "1/2-1/2"]
[WhiteElo "2573"]
[BlackElo "2520"]
[PlyCount "26"]
[EventDate "2000.11.18"]
[Source "ChessBase"]
[SourceDate "2001.01.11"]

1. e4 e5 2. Nf3 Nc6 3. Bb5 a6 4. Ba4 Nf6 5. O-O Nxe4 6. d4 b5 7. Bb3 d5 8. dxe5 Be6 9. Qe2 Bc5 10. Be3 Qe7 11. Nbd2 Bxe3 12. Qxe3 Nxd2 13. Qxd2 O-O 1/2-1/2

[Event "Internasjonal turnering"]
[Site "Bergen NOR"]
[Date "1981.??.??"]
[Round "?"]
[White "Van der Sterren, Paul"]
[Black "Timman, Jan Hein"]
[Result "0-1"]
[WhiteElo "2440"]
[BlackElo "2620"]
[PlyCount "59"]
[EventDate "1981.??.??"]
[Source "www.chesslib.no"]
[SourceDate "2004.05.04"]

1. e4 e5 2. Nf3 Nc6 3. Bb5 a6 4. Ba4 Nf6 5. O-O Nxe4 6. d4 b5 7. Bb3 d5 8. dxe5 Be6 9. Qe2 Be7 10. Rd1 O-O 11. c4 bxc4 12. Bxc4 Bc5 13. Be3 Bxe3 14. Qxe3 Qb8 15. Bb3 Na5 16. Nbd2 Qa7 17. Qxa7 Rxa7 18. Nxe4 Nxb3 19. axb3 dxe4 20. Nd4 c5 21. Nxe6 fxe6 22. Rd6 Rb7 23. Raxa6 Rbf7 24. f3 exf3 25. gxf3 Rxf3 26. Rd2 Rf1+ 27. Kg2 R1f5 28. Rxe6 Rg5+ 29. Kh3 Rf3+ 30. Kh4 0-1

[Event "Camp. olandese"]
[Site "Hilversum OLA"]
[Date "2008.04.06"]
[Round "5"]
[White "Smeets, J."]
[Black "De Jong, JW."]
[Result "1-0"]
[WhiteElo "2578"]
[BlackElo "2474"]
[PlyCount "95"]
[EventDate "2008.04.02"]
[Source "www.chesslib.no"]
[SourceDate "2004.05.04"]

1. e4 e5 2. Nf3 Nc6 3. Bb5 a6 4. Ba4 Nf6 5. O-O Nxe4 6. d4 b5 7. Bb3 d5 8. dxe5 Be6 9. Qe2 Be7 10. Rd1 O-O 11. c4 bxc4 12. Bxc4 Bc5 13. Be3 Bxe3 14. Qxe3 Ne7 15. Bd3 Qb8 16. Nbd2 Nxd2 17. Rxd2 Qb6 18. Qxb6 cxb6 19. Nd4 Rfc8 20. f4 g6 21. Kf2 Nc6 22. Nxc6 Rxc6 23. Be2 f6 24. Ke3 a5 25. Rad1 Rd8 26. exf6 Kf7 27. g4 Kxf6 28. Kd4 Ke7 29. Rf1 Kd6 30. h3 Rc7 31. f5 gxf5 32. gxf5 Bf7 33. Rf3 Rg8 34. Rb3 Rc6 35. Bb5 Rc7 36. Bd3 Rc6 37. Rc2 Rg1 38. Rxc6+ Kxc6 39. Rc3+ Kd6 40. Rc8 Rh1 41. Rb8 Rxh3 42. Rxb6+ Ke7 43. f6+ Kf8 44. Rb8+ Be8 45. Bb5 Rh4+ 46. Kc5 Re4 47. Kxd5 Re1 48. a3 1-0

[Event "Gibraltar Masters"]
[Site "?"]
[Date "2003.02.06"]
[Round "10"]
[White "Cherniaev Alexander1"]
[Black "Lalic Bogdan"]
[Result "1/2-1/2"]
[WhiteElo "2504"]
[BlackElo "2547"]
[PlyCount "44"]
[EventDate "2003.??.??"]
[Source "www.chesslib.no"]
[SourceDate "2004.05.04"]

1. e4 e5 2. Nf3 Nc6 3. Bb5 a6 4. Ba4 Nf6 5. O-O Nxe4 6. d4 b5 7. Bb3 d5 8. dxe5 Be6 9. Qe2 Be7 10. Rd1 O-O 11. c3 Nc5 12. Bc2 Bg4 13. Nbd2 Qd7 14. Nf1 Rad8 15. Ne3 Nxe5 16. Rxd5 Qe6 17. Rxd8 Rxd8 18. Nxg4 Nxf3+ 19. Kf1 Qxg4 20. Qxf3 Qxf3 21. gxf3 g6 22. Be3 Ne6 1/2-1/2

[Event "Balatonbereny GM"]
[Site "Balatonbereny"]
[Date "1997.??.??"]
[Round "7"]
[White "Tolnai, Tibor"]
[Black "Gyimesi, Zoltan"]
[Result "1/2-1/2"]
[WhiteElo "2550"]
[BlackElo "2500"]
[PlyCount "28"]
[EventDate "1997.??.??"]
[Source "www.chesslib.no"]
[SourceDate "2004.05.04"]

1. e4 e5 2. Nf3 Nc6 3. Bb5 a6 4. Ba4 Nf6 5. O-O Nxe4 6. d4 b5 7. Bb3 d5 8. dxe5 Be6 9. Qe2 Be7 10. Rd1 O-O 11. c4 bxc4 12. Bxc4 Bc5 13. Be3 Bxe3 14. Qxe3 Qb8 1/2-1/2

[Event "Yerevan"]
[Site "Yerevan"]
[Date "1982.??.??"]
[Round "12"]
[White "Tal, Mihail"]
[Black "Sturua, Zurab"]
[Result "1-0"]
[WhiteElo "2605"]
[BlackElo "2440"]
[PlyCount "77"]
[EventDate "1982.??.??"]
[Source "ChessBase"]

1. e4 e5 2. Nf3 Nc6 3. Bb5 a6 4. Ba4 Nf6 5. O-O Nxe4 6. d4 b5 7. Bb3 d5 8. dxe5 Be6 9. Qe2 Be7 10. Rd1 O-O 11. c4 bxc4 12. Bxc4 Bc5 13. Be3 Bxe3 14. Qxe3 Qb8 15. Bb3 Na5 16. Nbd2 Qa7 17. Nxe4 Qxe3 18. fxe3 Nxb3 19. axb3 dxe4 20. Nd4 Rfb8 21. Rdc1 Bxb3 22. Rxc7 Be6 23. Rd1 Rb6 24. b4 h6 25. Nc6 Re8 26. Kf2 Kh7 27. Rd6 Bb3 28. Rd4 Ba4 29. Ne7 Re6 30. Nd5 Rxe5 31. Rxf7 Rxd5 32. Rxd5 Bb3 33. Rff5 Bxd5 34. Rxd5 Re6 35. h4 Kg6 36. Kg3 Rb6 37. Ra5 Rxb4 38. Rxa6+ Kh5 39. Kh3 1-0

[Event "EU-ch 2nd"]
[Site "Ohrid"]
[Date "2001.06.10"]
[Round "9"]
[White "Azarov, Sergei"]
[Black "Golod, Vitali"]
[Result "1/2-1/2"]
[WhiteElo "2452"]
[BlackElo "2593"]
[PlyCount "99"]
[EventDate "2001.06.01"]
[Source "ChessBase"]
[SourceDate "2001.09.13"]

1. e4 e5 2. Nf3 Nc6 3. Bb5 a6 4. Ba4 Nf6 5. O-O Nxe4 6. d4 b5 7. Bb3 d5 8. dxe5 Be6 9. Qe2 Be7 10. Rd1 O-O 11. c4 bxc4 12. Bxc4 Bc5 13. Be3 Bxe3 14. Qxe3 Qb8 15. Bb3 Na5 16. Ne1 Nxb3 17. axb3 f5 18. exf6 Rxf6 19. f3 Nd6 20. Nd2 Bf5 21. Rac1 Nb5 22. Nf1 c6 23. Ng3 Bg6 24. Nd3 Bxd3 25. Rxd3 Qa7 26. Qxa7 Rxa7 27. b4 a5 28. bxa5 Rxa5 29. Ne2 Kf7 30. Kf2 Ra2 31. Rc2 Ke7 32. Nc1 Ra4 33. Nb3 Kd6 34. Nc5 Rb4 35. Ke3 Rf7 36. Ne4+ Kd7 37. Nc5+ Kd6 38. Ne4+ Ke7 39. Nc5 Rf6 40. b3 Nd6 41. Ra2 Nf5+ 42. Kf2 Rb5 43. Ra7+ Ke8 44. Rc3 Rf7 45. Ra8+ Ke7 46. g4 d4 47. Rc1 Ne3 48. Ra7+ Ke8 49. Ra8+ Ke7 50. Ra7+ 1/2-1/2

[Event "New York (open)"]
[Site "?"]
[Date "1988.??.??"]
[Round "?"]
[White "Wedberg, T."]
[Black "Tukmakov, V."]
[Result "0-1"]
[WhiteElo "2475"]
[BlackElo "2570"]
[PlyCount "66"]
[EventDate "1988.??.??"]
[Source "ChessBase"]
[SourceDate "1988.01.01"]

1. e4 e5 2. Nf3 Nc6 3. Bb5 a6 4. Ba4 Nf6 5. O-O Nxe4 6. d4 b5 7. Bb3 d5 8. dxe5 Be6 9. Be3 Nc5 10. Qe2 Be7 11. Rd1 O-O 12. c4 Nxb3 13. axb3 Nb4 14. Nc3 c6 15. Ne4 Bg4 16. Nc5 Qc8 17. Rac1 f6 18. e6 Re8 19. Qd2 a5 20. cxb5 cxb5 21. Nd7 Qa6 22. Nc5 Qd6 23. Re1 Bxf3 24. gxf3 Qe5 25. Bd4 Qf5 26. Rc3 Nc6 27. Rd1 Rac8 28. Be3 d4 29. Bxd4 Nxd4 30. Qxd4 Bxc5 31. Qd7 Qxe6 32. Qxb5 Bb4 33. Re3 Qf7 0-1

[Event "Berlin Open"]
[Site "Berlin West"]
[Date "1988.??.??"]
[Round "6"]
[White "Georgiev, Krum I"]
[Black "Lalic, Bogdan"]
[Result "1/2-1/2"]
[WhiteElo "2505"]
[BlackElo "2515"]
[PlyCount "36"]
[EventDate "1988.08.??"]
[Source "www.chesslib.no"]
[SourceDate "2004.05.04"]

1. e4 e5 2. Nf3 Nc6 3. Bb5 a6 4. Ba4 Nf6 5. O-O Nxe4 6. d4 b5 7. Bb3 d5 8. dxe5 Be6 9. Qe2 Be7 10. Rd1 O-O 11. c4 bxc4 12. Bxc4 Bc5 13. Be3 Bxe3 14. Qxe3 Qb8 15. Bb3 Na5 16. Nbd2 Qa7 17. Rac1 Qxe3 18. fxe3 c5 1/2-1/2

[Event "New York Open"]
[Site "New York, NY USA"]
[Date "1992.??.??"]
[Round "7"]
[White "Ivanov, Alexander"]
[Black "Wedberg, Tom"]
[Result "1/2-1/2"]
[WhiteElo "2555"]
[BlackElo "2465"]
[PlyCount "68"]
[EventDate "1992.04.??"]
[Source "www.chesslib.no"]
[SourceDate "2004.05.04"]

1. e4 e5 2. Nf3 Nc6 3. Bb5 a6 4. Ba4 Nf6 5. O-O Nxe4 6. d4 b5 7. Bb3 d5 8. dxe5 Be6 9. Qe2 Be7 10. Rd1 O-O 11. c3 f5 12. exf6 Bxf6 13. Be3 Qd7 14. Nbd2 Nxd2 15. Qxd2 Ne7 16. Bc5 c6 17. Nd4 Bf7 18. a4 Rfe8 19. Re1 Nf5 20. Rxe8+ Rxe8 21. axb5 axb5 22. Ra7 Nxd4 23. cxd4 Qf5 24. Ra1 Bg5 25. Qc2 Bg6 26. Qc3 h5 27. Bd1 Kh7 28. h3 Bf4 29. Bf3 Bb8 30. Re1 Rxe1+ 31. Qxe1 Qf4 32. Qd1 Qh2+ 33. Kf1 Kh6 34. Bb4 Qh1+ 1/2-1/2

[Event "Rubinstein mem"]
[Site "Polanica Zdroj"]
[Date "1980.??.??"]
[Round "7"]
[White "Romanishin, Oleg M"]
[Black "Luczak, Andrzej"]
[Result "1/2-1/2"]
[WhiteElo "2580"]
[BlackElo "2430"]
[PlyCount "45"]
[EventDate "1980.08.??"]
[Source "ChessBase"]

1. e4 e5 2. Nf3 Nc6 3. Bb5 a6 4. Ba4 Nf6 5. O-O Nxe4 6. d4 b5 7. Bb3 d5 8. dxe5 Be6 9. Qe2 Be7 10. Rd1 O-O 11. c4 bxc4 12. Bxc4 Bc5 13. Be3 Bxe3 14. Qxe3 Qb8 15. Bb3 Na5 16. Nbd2 Qa7 17. Nd4 Nxd2 18. Qxd2 Qb6 19. Qc3 c5 20. Nxe6 fxe6 21. Bc2 Ra7 22. b3 Raf7 23. f3 1/2-1/2

[Event "Paris"]
[Site "?"]
[Date "1995.??.??"]
[Round "?"]
[White "Apicella, M."]
[Black "Gyimesi, Z."]
[Result "1/2-1/2"]
[WhiteElo "2505"]
[BlackElo "2500"]
[PlyCount "48"]
[EventDate "1995.??.??"]
[Source "ChessBase"]
[SourceDate "1995.06.01"]

1. e4 e5 2. Nf3 Nc6 3. Bb5 a6 4. Ba4 Nf6 5. O-O Nxe4 6. d4 b5 7. Bb3 d5 8. dxe5 Be6 9. Qe2 Be7 10. Rd1 O-O 11. Be3 Na5 12. Nd4 c5 13. Nxe6 fxe6 14. c3 Bg5 15. f3 Bxe3+ 16. Qxe3 Qg5 17. Qe2 Qh5 18. g4 Qh4 19. fxe4 Nxb3 20. axb3 Rf2 21. Qxf2 Qxg4+ 22. Qg2 Qxd1+ 23. Qf1 Qg4+ 24. Qg2 Qd1+ 1/2-1/2

[Event "VIII Pamplona"]
[Site "Pamplona"]
[Date "1997.??.??"]
[Round "?"]
[White "Sion, M."]
[Black "Korneev, O."]
[Result "1/2-1/2"]
[WhiteElo "2435"]
[BlackElo "2565"]
[PlyCount "119"]
[EventDate "1997.??.??"]
[Source "www.chesslib.no"]
[SourceDate "2004.05.04"]

1. e4 e5 2. Nf3 Nc6 3. Bb5 a6 4. Ba4 Nf6 5. O-O Nxe4 6. d4 b5 7. Bb3 d5 8. dxe5 Be6 9. Qe2 Be7 10. Rd1 O-O 11. c4 bxc4 12. Bxc4 Bc5 13. Be3 Bxe3 14. Qxe3 Ne7 15. Nbd2 Nxf2 16. Qxf2 dxc4 17. Nxc4 Qb8 18. Rac1 h6 19. b3 a5 20. Qc5 Qb4 21. Nb2 Rfd8 22. Rxd8+ Rxd8 23. Qxb4 axb4 24. Rxc7 Nd5 25. Rb7 Nc3 26. Rxb4 Nxa2 27. Rb6 Nc3 28. Nc4 Ra8 29. Nfd2 Nd5 30. Rd6 g5 31. h3 Kg7 32. Ne4 Nf4 33. Rd2 Rb8 34. Nc5 Bxc4 35. bxc4 Rc8 36. Nd3 Rxc4 37. Nxf4 Rxf4 38. g4 Re4 39. Rd5 Re2 40. Ra5 Kf8 41. Ra8+ Ke7 42. Rh8 Ke6 43. Rxh6+ Kxe5 44. h4 Re4 45. hxg5 Rxg4+ 46. Kf2 Rxg5 47. Rh4 Rg8 48. Ra4 Rb8 49. Rc4 Rb3 50. Ra4 f5 51. Rc4 Ra3 52. Rb4 Ra2+ 53. Ke3 Ra3+ 54. Kf2 Kf6 55. Rc4 Kg5 56. Rb4 Rh3 57. Kg2 Rh4 58. Rxh4 Kxh4 59. Kf3 Kg5 60. Kg3 1/2-1/2

[Event "FRG Ch int"]
[Site "Berlin West"]
[Date "1971.??.??"]
[Round "?"]
[White "Westerinen, Heikki M J"]
[Black "Unzicker, Wolfgang"]
[Result "1/2-1/2"]
[WhiteElo "2450"]
[BlackElo "2540"]
[PlyCount "57"]
[EventDate "1971.09.??"]
[Source "www.chesslib.no"]
[SourceDate "2004.05.04"]

1. e4 e5 2. Nf3 Nc6 3. Bb5 a6 4. Ba4 Nf6 5. O-O Nxe4 6. d4 b5 7. Bb3 d5 8. dxe5 Be6 9. Qe2 Nc5 10. Rd1 Be7 11. Nbd2 O-O 12. c3 Nxb3 13. Nxb3 Bg4 14. h3 Bxf3 15. Qxf3 Nxe5 16. Qxd5 c6 17. Qxd8 Rfxd8 18. Rxd8+ Rxd8 19. Kf1 Nd3 20. Nd4 Bc5 21. Nxc6 Re8 22. Bd2 Nxb2 23. Re1 Kf8 24. Rxe8+ Kxe8 25. Ke2 Nc4 26. Be1 Bd6 27. Kd3 Kd7 28. Nd4 g6 29. g4 1/2-1/2

[Event "Needham, MA"]
[Site "?"]
[Date "2000.01.29"]
[Round "2"]
[White "Ivanov Alexander"]
[Black "Mac Intyre Paul"]
[Result "1-0"]
[WhiteElo "2605"]
[BlackElo "2379"]
[PlyCount "49"]
[EventDate "2000.??.??"]
[Source "www.chesslib.no"]
[SourceDate "2004.05.04"]

1. e4 e5 2. Nf3 Nc6 3. Bb5 a6 4. Ba4 Nf6 5. O-O Nxe4 6. d4 b5 7. Bb3 d5 8. dxe5 Be6 9. Qe2 Be7 10. Rd1 O-O 11. c3 Qd7 12. Nd4 Nxd4 13. cxd4 f6 14. f3 fxe5 15. fxe4 Bg4 16. Qe1 Bxd1 17. Qxd1 Kh8 18. Be3 exd4 19. Qxd4 Bf6 20. e5 c5 21. Qxc5 Bxe5 22. Nc3 Rae8 23. Nxd5 Bxb2 24. Rd1 Be5 25. Nf6 1-0

[Event "Athens op"]
[Site "Athens"]
[Date "1999.??.??"]
[Round "5"]
[White "Georgiev, Krum"]
[Black "Flear, Glenn C"]
[Result "1/2-1/2"]
[WhiteElo "2490"]
[BlackElo "2484"]
[PlyCount "86"]
[EventDate "1999.??.??"]
[Source "www.chesslib.no"]
[SourceDate "2004.05.04"]

1. e4 e5 2. Nf3 Nc6 3. Bb5 a6 4. Ba4 Nf6 5. O-O Nxe4 6. d4 b5 7. Bb3 d5 8. dxe5 Be6 9. Qe2 Be7 10. Rd1 O-O 11. c4 bxc4 12. Bxc4 Bc5 13. Be3 Bxe3 14. Qxe3 Qb8 15. Bb3 Na5 16. Nbd2 Qb6 17. Nxe4 Qxe3 18. fxe3 Nxb3 19. axb3 dxe4 20. Nd4 Rfb8 21. Rdc1 Bxb3 22. Rxc7 g6 23. h4 Bd5 24. Ra5 Rb7 25. Rxb7 Bxb7 26. Rc5 h5 27. Kf2 a5 28. Kg3 a4 29. Rb5 Bc8 30. Nc6 Kf8 31. Rb8 Rxb8 32. Nxb8 Ke7 33. Nc6+ Ke6 34. Kf4 Ba6 35. g3 Bc8 36. Nd4+ Kd5 37. b3 axb3 38. Nxb3 Ba6 39. Nd4 Bd3 40. Nb3 Bf1 41. Na5 Ba6 42. Nb3 Bf1 43. Na5 Ba6 1/2-1/2

[Event "Cappelle"]
[Site "Cappelle la Grande"]
[Date "1994.??.??"]
[Round "4"]
[White "Apicella, Manuel"]
[Black "Flear, Glenn C"]
[Result "1-0"]
[WhiteElo "2465"]
[BlackElo "2505"]
[PlyCount "85"]
[EventDate "1994.07.??"]
[Source "ChessBase"]

1. e4 e5 2. Nf3 Nc6 3. Bb5 a6 4. Ba4 Nf6 5. O-O Nxe4 6. d4 b5 7. Bb3 d5 8. dxe5 Be6 9. Qe2 Be7 10. Rd1 O-O 11. c3 Qd7 12. Be3 f5 13. exf6 Bxf6 14. Bc2 Qf7 15. Nbd2 Nd6 16. Ng5 Bxg5 17. Bxg5 d4 18. Ne4 Rae8 19. Nxd6 cxd6 20. Qd2 dxc3 21. bxc3 Ne5 22. Bh4 Nc4 23. Qd4 Bf5 24. Bxf5 Qxf5 25. Bg3 Re2 26. h3 h5 27. a4 h4 28. axb5 axb5 29. Ra7 Qg6 30. Qd5+ Kh7 31. Rd4 Re1+ 32. Kh2 hxg3+ 33. fxg3 Qf5 34. Rh4+ Kg6 35. Qb7 Rg8 36. Rg4+ Kh6 37. Rh4+ Kg6 38. Rg4+ Kh6 39. Rxg7 Rh8 40. Rf7 Qg6 41. Qf3 Ne3 42. Qf4+ Qg5 43. Qxd6+ 1-0

[Event "Cappelle la Grande 75/312"]
[Site "?"]
[Date "1999.??.??"]
[Round "?"]
[White "Apicella, Manuel"]
[Black "Skembris, Spyridon"]
[Result "0-1"]
[WhiteElo "2515"]
[BlackElo "2445"]
[PlyCount "116"]
[EventDate "1999.??.??"]
[Source "ChessBase"]
[SourceDate "1999.02.01"]

1. e4 e5 2. Nf3 Nc6 3. Bb5 a6 4. Ba4 Nf6 5. O-O Nxe4 6. d4 b5 7. Bb3 d5 8. dxe5 Be6 9. Qe2 Bc5 10. Be3 Bxe3 11. Qxe3 Ne7 12. Rd1 O-O 13. c3 Nf5 14. Qe2 c6 15. Bc2 Ng5 16. Nd4 Nxd4 17. cxd4 f5 18. Nd2 f4 19. f3 Bf5 20. Nb3 a5 21. Rac1 Qe8 22. Bxf5 Rxf5 23. Qc2 Qg6 24. Qxc6 Nxf3+ 25. Kh1 Qxc6 26. Rxc6 Ng5 27. Rdc1 f3 28. gxf3 a4 29. Nc5 Rxf3 30. e6 Re8 31. Nd7 Nxe6 32. Re1 Rd8 33. Rd6 Rf7 34. Rexe6 Rfxd7 35. Rxd7 Rxd7 36. Rb6 Rc7 37. Rxb5 Rc4 38. Rxd5 Rc1+ 39. Kg2 Rc2+ 40. Kg3 Rxb2 41. Rd7 Rxa2 42. Ra7 a3 43. d5 Kf8 44. d6 Rd2 45. Rxa3 Rxd6 46. Ra7 Re6 47. Rb7 Re7 48. Rxe7 Kxe7 49. Kg2 Ke6 50. Kg1 Kf5 51. Kg2 Kg4 52. Kf2 Kh3 53. Kg1 h5 54. Kh1 h4 55. Kg1 g6 56. Kh1 g5 57. Kg1 g4 58. Kh1 g3 0-1

[Event "URS-ch sf"]
[Site "Irkutsk"]
[Date "1983.??.??"]
[Round "?"]
[White "Polovodin, Igor A"]
[Black "Chekhov, Valery A"]
[Result "1/2-1/2"]
[WhiteElo "2435"]
[BlackElo "2510"]
[PlyCount "49"]
[EventDate "1983.09.??"]
[Source "ChessBase"]

1. e4 e5 2. Nf3 Nc6 3. Bb5 a6 4. Ba4 Nf6 5. O-O Nxe4 6. d4 b5 7. Bb3 d5 8. dxe5 Be6 9. Qe2 Be7 10. Rd1 O-O 11. c4 bxc4 12. Bxc4 Bc5 13. Be3 Bxe3 14. Qxe3 Qb8 15. Bb3 Na5 16. Nbd2 Qa7 17. Qxa7 Rxa7 18. Rac1 c5 19. Nxe4 Nxb3 20. axb3 dxe4 21. Nd2 e3 22. fxe3 Rb7 23. Ne4 Rxb3 24. Nxc5 Rxb2 25. Nxa6 1/2-1/2

[Event "Tungsram"]
[Site "Budapest"]
[Date "1976.??.??"]
[Round "?"]
[White "Vogt, Lothar"]
[Black "Honfi, Karoly"]
[Result "1-0"]
[WhiteElo "2480"]
[BlackElo "2460"]
[PlyCount "83"]
[EventDate "1976.08.??"]
[Source "ChessBase"]

1. e4 e5 2. Nf3 Nc6 3. Bb5 a6 4. Ba4 Nf6 5. O-O Nxe4 6. d4 b5 7. Bb3 d5 8. dxe5 Be6 9. Qe2 Bc5 10. Be3 O-O 11. Rd1 Na5 12. Bxc5 Nxc5 13. Nbd2 Nd7 14. Nf1 c6 15. h3 Qc7 16. c3 Rae8 17. Ng3 f6 18. exf6 Nxf6 19. Qe5 Qb6 20. Qd4 c5 21. Qh4 Nxb3 22. axb3 a5 23. b4 axb4 24. cxb4 c4 25. Qd4 Qd6 26. Qc5 Qxc5 27. bxc5 Nd7 28. c6 Nc5 29. Ra5 Nd3 30. Rxb5 Bxh3 31. Nd4 Bxg2 32. Kxg2 Rxf2+ 33. Kg1 Rxb2 34. Rxb2 Nxb2 35. Rb1 c3 36. Ngf5 g6 37. Nd6 Re7 38. N6b5 Nc4 39. Nxc3 Re3 40. c7 Nd6 41. Rb8+ Kf7 42. Ncb5 1-0

[Event "CSR-ch"]
[Site "Trencianske Teplice"]
[Date "1979.??.??"]
[Round "12"]
[White "Jansa, Vlastimil"]
[Black "Plachetka, Jan"]
[Result "1/2-1/2"]
[WhiteElo "2495"]
[BlackElo "2445"]
[PlyCount "49"]
[EventDate "1979.11.??"]
[Source "ChessBase"]

1. e4 e5 2. Nf3 Nc6 3. Bb5 a6 4. Ba4 Nf6 5. O-O Nxe4 6. d4 b5 7. Bb3 d5 8. dxe5 Be6 9. Qe2 Be7 10. Rd1 O-O 11. c4 bxc4 12. Bxc4 Bc5 13. Be3 Bxe3 14. Qxe3 Qb8 15. Bb3 Na5 16. Nbd2 Qa7 17. Nd4 Nxd2 18. Qxd2 Qb6 19. Bc2 Nc4 20. Qg5 c5 21. Nf5 Bxf5 22. Bxf5 Rad8 23. Re1 h6 24. Qg3 Qxb2 25. Rab1 1/2-1/2

[Event "Borovo"]
[Site "?"]
[Date "1980.08.10"]
[Round "2"]
[White "Ermenkov Evgenij"]
[Black "Petran Pal"]
[Result "1/2-1/2"]
[WhiteElo "2495"]
[BlackElo "2445"]
[PlyCount "23"]
[EventDate "1980.??.??"]
[Source "www.chesslib.no"]
[SourceDate "2004.05.04"]

1. e4 e5 2. Nf3 Nc6 3. Bb5 a6 4. Ba4 Nf6 5. O-O Nxe4 6. d4 b5 7. Bb3 d5 8. dxe5 Be6 9. Qe2 Be7 10. Rd1 O-O 11. c4 bxc4 12. Bxc4 1/2-1/2